000 00727nam a22002777a 4500
001 BR6006847
003 BR-BrBNA
005 20230928083248.0
007 ta
008 230509b bl.||||| |||| 00| 0 por d
040 _aBR-BrBNA
_bpor
_cBiblioteca Nacional de Agricultura
041 _a(Por)
072 _aF22
090 _ F22 BR6006847
100 1 _aRibeiro, A.C.
110 1 _aUniversidade Federal de Vicosa, MG (Brasil)
_0Tese (Magister Scientiae)
245 1 _aAdsorcao de boro pelo solo
260 3 _aVicosa, MG (Brasil):
_c1974.
300 _a38 p.
500 _a34 ref.; Summary (Por)
650 _aSolo
650 _aBoro
650 _aAdsorcao
909 _a202309
_bLucia
_c55
_dLucia Elande
942 _cBK
999 _c12463
_d12463